000 01839nam1a2200313 i 4500
001 RU\NLR\bibl\1472581
005 20260407205651.0
035 _a(NLR Aleph) 001464266
090 _a1602965
_c1602965
100 _a20100212g20099999u y0rusy50 ca
101 0 _arus
102 _aRU
105 _a||||z |||||
200 1 _aСоциально-педагогическая практика в учреждениях интернатного типа для детей, нуждающихся в государственной социальной защите
_e(1 этап)
_eметодическое пособие для преподавателей и студентов
_eспециальность 050711 "Социальная педагогика"
_fДепартамент образования г. Москвы, ГОУ Пед. колледж N 1 им. К.Д. Ушинского
_g[сост.: Т.К. Шишко и др.]
210 _aМосква
_cКомпания Спутник+
_d2009
215 _d21
463 0 _10011418920
606 1 _aПедагогические колледжи
_jУчебные издания
_xПедагогическая практика по социальной педагогике
_92585010
_3RU\NLR\auth\661527953
606 1 _aСоциальные педагоги
_jУчебные издания
_xМетодика работы
_xШколы-интернаты
_92585006
_3RU\NLR\auth\661527952
686 _aЧ479.511.266я7
686 _aЧ421.42я7
702 1 _aШишко
_bТ. К.
_4220
712 0 2 _4570
_aПедагогический колледж им. К. Д. Ушинского
_c1; Москва
_9771474
_3RU\NLR\AUTH\8810138055
801 0 _aRU
_bNLR
_c20100212
_gRCR
801 1 _aRU
_bNLR
_c20100212
852 _aNLR
_j2009-4/13208
942 _cBOOK